000 02819nam0a22005411 4500
001 RU\NLR\A1\26863
005 20260407103947.0
035 _a(NLR Aleph) 009681164
090 _a9702648
_c9702648
100 _a19990119d1798 m y0rusy50 ca
101 1 _arus
_cfre
102 _aRU
135 _acrcn 024anaba
140 _ay y zz yaa0000
200 1 _aНравоучительныя мысли герцога де ла Рошефоко.
_fПеревела с французскаго Е[лизавета] Т[атищева]
210 _aМосква
_cв Университетской типографии, у Ридигера и Клаудия
_d1798
215 _a[8], 78 с.
_d12°
305 _aСокр. пер.: Maximes et réllexions morales du duc de La Rochefoucauld
316 _aЭкз. РНБ (18.112.6.37) в картон. переплете, оклеенном голубой бумагой. На верхней крышке переплета ярлык с шифром РНБ. На форзаце ярлык с шифром РНБ. На с.[1], [3], [5], 33 и 78 - круглый штамп ГПБ. Размер: 13,5х10х1 см.
_5NLR: 18.112.6.37
321 1 _aСК XVIII 3471
325 _aКопия доступна в Электрон. б-ке РНБ
518 1 _aНравоучительные мысли герцога де ла Рошефоко.
620 _dМосква
700 1 _4070
_8rus
_7ca
_aЛарошфуко
_bФ. де
_f1613-1680
_gФрансуа де
_3RU\NLR\AUTH\778108
_9118027
702 1 _6z03790
_aТатищева
_bЕ.
_gЕлизавета
_4730
702 1 _4610
_7ca
_8rus
_aРидигер
_bХ.
_gХристиан
_9232514
_3RU\NLR\AUTH\770232570
702 1 _4610
_7ca
_8rus
_aКлаудий
_bХ.А.
_f-1805
_gХристофор Александрович
_9232381
_3RU\NLR\AUTH\770232437
712 0 2 _4610
_aМосковский университет
_bТипография
_3RU\NLR\AUTH\889932963
_9361140
790 1 _6z02700
_aРошефоко
_bде ла
790 0 _6z03702
_aЕ.Т.
801 0 _aRU
_bNLR
_c19990119
852 _aNLR
_j18.112.6.37
856 0 _uhttp://vivaldi.nlr.ru/bx000016346/view
856 1 _uhttp://vivaldi.nlr.ru/bx000016346/cover
856 2 _uhttp://vivaldi.nlr.ru/bx000016346/text
899 _aРГБ
899 _aБАН
899 _aСПбГУ
942 _cBOOK
980 _aNB
980 3 _akpcivil
980 3 _akp
980 _aA1XVIIIv
981 2 0 _a(20) Книжные памятники РНБ
_b(20) Русский книжный фонд